| 000 | 00765nam a2200217Ia 4500 | ||
|---|---|---|---|
| 003 | GCL | ||
| 005 | 20240530110856.0 | ||
| 008 | 140319s1986 ua a 000 0 ara d | ||
| 040 |
_aGCL / _cGCL |
||
| 082 | 0 | 4 |
_a398.245/ _bب ك |
| 100 | 1 | _aبيدبا | |
| 245 | 1 | 0 |
_a كليله ودمنه / _cبيدبا ؛ نقلة العربية عبدالله بن المقفع |
| 260 |
_aالقاهرة : _bمؤسسة المعارف ؛ _c1986 |
||
| 300 |
_a309 ص. : _bصور، _c32 سم. |
||
| 650 | 0 | 7 |
_aالادب العربى _2qrmak |
| 650 | 0 | 7 |
_aالبلاغة العربية _2qrmak |
| 650 | 0 | 7 |
_aالادب الشعبى _2qrmak |
| 650 | 0 | 7 |
_aكليلة ودمنة _2qrmak |
| 700 | 0 |
_aبن المقفع، عبد الله بن محمد _eمترجم |
|
| 942 |
_2ddc _cBK |
||
| 999 |
_c66045 _d66045 |
||